[Event "SUI-chT"]
[Site "Switzerland"]
[Date "2023.08.27"]
[Round "7.3"]
[White "Filipovic, Branko"]
[Black "Bellini, Fabio"]
[Result "1/2-1/2"]
[WhiteElo "2310"]
[BlackElo "2429"]
[PlyCount "65"]
[EventDate "2023.04.16"]
[EventType "team-tourn"]
[EventRounds "9"]
[EventCountry "SUI"]
[SourceTitle "EXT 2024"]
[Source "ChessBase"]
[SourceDate "2023.10.10"]
[SourceVersion "1"]
[SourceVersionDate "2023.10.10"]
[SourceQuality "1"]
[WhiteTeam "Trubschachen"]
[BlackTeam "Mendrisio"]
[WhiteTeamCountry "SUI"]
[BlackTeamCountry "SUI"]

1. e4 e5 2. Nf3 Nc6 3. Bb5 g6 4. d4 exd4 5. Bg5 Be7 6. Bxe7 Qxe7 7. Bxc6 dxc6 8. Qxd4 Nf6 9. Nbd2 0-0 10. 0-0 c5 11. Qe3 Re8 12. Rfe1 Kg7 13. c4 h6 14. Qc3 Be6 15. Nf1 Kg8 16. Ng3 Nh7 17. h3 Rad8 18. e5 b6 19. b3 Rd7 20. Rad1 Red8 21. Rxd7 Qxd7 22. Qc1 Kg7 23. Kh2 a5 24. Ne2 a4 25. Nc3 axb3 26. axb3 Qc6 27. Rd1 Rd7 28. Rxd7 Qxd7 29. Qe3 Nf8 30. Ne4 Qd8 31. Nf6 Bf5 32. g4 Bc2 33. Ne1 1/2-1/2

[Event "SUI-chT"]
[Site "Switzerland"]
[Date "2023.05.14"]
[Round "4.4"]
[White "Gaehwiler, Gabriel"]
[Black "Bellini, Fabio"]
[Result "1/2-1/2"]
[WhiteElo "2404"]
[BlackElo "2429"]
[PlyCount "61"]
[EventDate "2023.04.16"]
[EventType "team-tourn"]
[EventRounds "9"]
[EventCountry "SUI"]
[SourceTitle "EXT 2024"]
[Source "ChessBase"]
[SourceDate "2023.10.10"]
[SourceVersion "1"]
[SourceVersionDate "2023.10.10"]
[SourceQuality "1"]
[WhiteTeam "Luzern"]
[BlackTeam "Mendrisio"]
[WhiteTeamCountry "SUI"]
[BlackTeamCountry "SUI"]

1. d4 d5 2. c4 e6 3. Nf3 Nf6 4. g3 Bb4+ 5. Bd2 Bd6 6. Nc3 c6 7. Bg5 Nbd7 8. e4 dxe4 9. Nxe4 Bb4+ 10. Nc3 h6 11. Bxf6 Qxf6 12. a3 Bxc3+ 13. bxc3 0-0 14. Bg2 e5 15. 0-0 exd4 16. cxd4 Rd8 17. Rb1 Nf8 18. Re1 c5 19. d5 b6 20. Ne5 Bd7 21. Qf3 Qxf3 22. Bxf3 Bf5 23. Rb3 Ng6 24. Nxg6 Bxg6 25. Re7 Rd6 26. Rbe3 a6 27. Rb7 Bf5 28. Rb3 b5 29. cxb5 c4 30. Rc3 axb5 31. Rxb5 1/2-1/2

[Event "ITA-chT Final 53rd"]
[Site "Montesilvano"]
[Date "2022.04.25"]
[Round "2.3"]
[White "Bellini, Fabio"]
[Black "Gilevich, Artem"]
[Result "0-1"]
[WhiteElo "2428"]
[BlackElo "2414"]
[PlyCount "140"]
[EventDate "2022.04.24"]
[EventType "team-tourn"]
[EventRounds "4"]
[EventCountry "ITA"]
[SourceTitle "CBM 207 Extra"]
[Source "ChessBase"]
[SourceDate "2022.05.31"]
[SourceVersion "1"]
[SourceVersionDate "2022.05.31"]
[SourceQuality "1"]
[WhiteTeam "Marostica Pizzato Elettrica"]
[BlackTeam "Catania Etna Scacchi"]
[WhiteTeamCountry "ITA"]
[BlackTeamCountry "ITA"]

1. e4 e5 2. Nf3 Nf6 3. Nxe5 d6 4. Nf3 Nxe4 5. Bd3 Nf6 6. h3 Be7 7. 0-0 0-0 8. c3 b6 9. Re1 Bb7 10. a4 Nbd7 11. Bc2 Ne5 12. Nxe5 dxe5 13. Rxe5 c5 14. d4 cxd4 15. cxd4 Bd6 16. Re1 Bc7 17. Nc3 Qd6 18. g3 Qd7 19. Kh2 Bc8 20. Qf3 Qxh3+ 21. Kg1 Bg4 22. Qh1 Qxh1+ 23. Kxh1 Rad8 24. Kg2 Be6 25. Bg5 Rxd4 26. Nb5 Rd7 27. Nxa7 Bd5+ 28. f3 Bxg3 29. Kxg3 Rxa7 30. Re5 Be6 31. Bxf6 gxf6 32. Rh5 Ra5 33. Rah1 Rc8 34. Bxh7+ Kf8 35. Rxa5 bxa5 36. Be4 Rc4 37. b3 Rc3 38. Rh8+ Ke7 39. Ra8 f5 40. Bb7 Rxb3 41. Bc6 Kd6 42. Ra6 Kc5 43. Be8 Kb4 44. Rb6+ Ka3 45. Ra6 Rb8 46. Bc6 Kb4 47. Kf4 Kc5 48. Bb5 Kb4 49. Ra7 Rd8 50. Rb7 Kc5 51. Rc7+ Kb4 52. Rb7 Rd4+ 53. Ke5 Rd5+ 54. Kf4 Kc5 55. Rc7+ Kb4 56. Rc4+ Kb3 57. Rc7 Rd4+ 58. Ke5 Rd5+ 59. Kf4 Rd2 60. Be8 Rd5 61. Rxf7 Rd4+ 62. Ke5 Bxf7 63. Bxf7+ Kc3 64. f4 Rxa4 65. Kxf5 Kd4 66. Ke6 Rb4 67. f5 Rb6+ 68. Ke7 Ke5 69. Be6 a4 70. Kd7 a3 0-1

[Event "ITA-chTB 53rd"]
[Site "Montesilvano"]
[Date "2022.04.20"]
[Round "2.4"]
[White "D'Amore, Carlo"]
[Black "Bellini, Fabio"]
[Result "0-1"]
[WhiteElo "2406"]
[BlackElo "2428"]
[PlyCount "82"]
[EventDate "2022.04.19"]
[EventType "team-tourn"]
[EventRounds "7"]
[EventCountry "ITA"]
[SourceTitle "CBM 207 Extra"]
[Source "ChessBase"]
[SourceDate "2022.05.31"]
[SourceVersion "1"]
[SourceVersionDate "2022.05.31"]
[SourceQuality "1"]
[WhiteTeam "Chieti"]
[BlackTeam "Marostica Pizzato Elettrica"]
[WhiteTeamCountry "ITA"]
[BlackTeamCountry "ITA"]

1. Nf3 c5 2. g3 Nc6 3. Bg2 g6 4. 0-0 Bg7 5. e4 d6 6. h3 e5 7. d3 Nge7 8. Nc3 0-0 9. Be3 Rb8 10. Qd2 Nd4 11. Nh2 Be6 12. f4 exf4 13. Bxf4 Qd7 14. Nd1 Rbd8 15. c3 Ndc6 16. Nf2 f6 17. Bh6 Ne5 18. Bxg7 Kxg7 19. d4 Nc4 20. Qe2 cxd4 21. cxd4 Bg8 22. b3 Nb6 23. d5 g5 24. Nf3 Ng6 25. Nd4 Ne5 26. h4 Kh8 27. Bh3 Qe8 28. Bf5 Nc8 29. h5 g4 30. Bxg4 Bf7 31. Bxc8 Rxc8 32. g4 Rg8 33. Kh1 Nxg4 34. Nxg4 Bxh5 35. Nxf6 Bxe2 36. Nxe8 Bxf1 37. Nxd6 Rcf8 38. Re1 Rf2 39. N4f5 h5 40. Re3 Bg2+ 41. Kg1 Rf1+ 0-1

[Event "SUI-chT"]
[Site "Switzerland"]
[Date "2018.04.15"]
[Round "2.1"]
[White "Bellini, Fabio"]
[Black "Studer, Noel"]
[Result "1/2-1/2"]
[WhiteElo "2470"]
[BlackElo "2470"]
[PlyCount "160"]
[EventDate "2018.03.25"]
[EventType "team-tourn"]
[EventRounds "9"]
[EventCountry "SUI"]
[SourceTitle "EXT 2019"]
[Source "ChessBase"]
[SourceDate "2018.10.10"]
[SourceVersion "1"]
[SourceVersionDate "2018.10.10"]
[SourceQuality "1"]
[WhiteTeam "Mendrisio"]
[BlackTeam "Luzern"]
[WhiteTeamCountry "SUI"]
[BlackTeamCountry "SUI"]

1. e4 e6 2. d3 d5 3. Nd2 Nf6 4. Ngf3 Nc6 5. c3 e5 6. Be2 Bd6 7. 0-0 0-0 8. exd5 Nxd5 9. Nc4 Re8 10. Nxd6 Qxd6 11. Ng5 Bf5 12. Ne4 Qe7 13. Bg5 f6 14. Bd2 Rad8 15. Qb3 b6 16. Bh5 Rf8 17. Rfe1 Be6 18. Qc2 Qd7 19. Rad1 Nde7 20. Be2 Bd5 21. b4 Nf5 22. b5 Nce7 23. Qb2 Nh4 24. f3 Qf5 25. c4 Ba8 26. Bb4 Rfe8 27. Ng3 Qg6 28. Bxe7 Rxe7 29. d4 e4 30. d5 f5 31. f4 Qd6 32. Qd2 c6 33. bxc6 Bxc6 34. Qe3 Be8 35. Nf1 Ng6 36. g3 Ba4 37. Rc1 Nf8 38. c5 bxc5 39. Qxc5 Be8 40. Ne3 g6 41. Qxd6 Rxd6 42. Rc5 Bf7 43. Rd1 Red7 44. Ra5 Kg7 45. Bc4 h6 46. Bb3 Nh7 47. Nc4 Rf6 48. Ne5 Rb7 49. d6 Bxb3 50. d7 Bxd1 51. d8Q Bh5 52. Rb5 Rxb5 53. Qd7+ Kg8 54. Qxb5 a6 55. Qb8+ Kg7 56. Qb7+ Kg8 57. Nd7 Rf7 58. Qc8+ Kg7 59. Ne5 Rf6 60. Kf2 g5 61. Qb7+ Kg8 62. Nd7 Rf7 63. Qc8+ Kg7 64. Nc5 Nf6 65. Ne6+ Kg6 66. Nf8+ Kg7 67. Ne6+ Kg6 68. h3 Re7 69. Ke3 Kf7 70. Nd8+ Kg6 71. Nc6 gxf4+ 72. gxf4 Re8 73. Ne5+ Kg7 74. Qxf5 Rd8 75. Qe6 Nd5+ 76. Kd4 Nc3+ 77. Ke3 Nd1+ 78. Kxe4 Nf2+ 79. Ke3 Nd1+ 80. Ke4 Nf2+ 1/2-1/2

[Event "SUI-chT"]
[Site "Switzerland"]
[Date "2017.04.23"]
[Round "3.1"]
[White "Bellini, Fabio"]
[Black "Zeller, Frank"]
[Result "0-1"]
[WhiteElo "2470"]
[BlackElo "2392"]
[PlyCount "108"]
[EventDate "2017.03.19"]
[EventType "team-swiss"]
[EventRounds "9"]
[EventCountry "SUI"]
[SourceTitle "EXT 2018"]
[Source "ChessBase"]
[SourceDate "2017.10.13"]
[SourceVersion "1"]
[SourceVersionDate "2017.10.13"]
[SourceQuality "1"]
[WhiteTeam "Mendrisio"]
[BlackTeam "Bodan"]
[WhiteTeamCountry "SUI"]
[BlackTeamCountry "SUI"]

1. e4 c5 2. Nf3 d6 3. Bb5+ Nd7 4. 0-0 Ngf6 5. Re1 a6 6. Bf1 b6 7. d4 cxd4 8. Nxd4 Bb7 9. c4 e6 10. Nc3 Be7 11. b3 0-0 12. Bb2 Re8 13. f4 g6 14. Qf3 e5 15. Nc2 exf4 16. Qxf4 Nh5 17. Qf2 Bf6 18. Ne3 Bg7 19. Rad1 Ne5 20. Be2 Nf6 21. Ba3 Re6 22. Ned5 Nfg4 23. Bxg4 Nxg4 24. Qg3 h5 25. Bc1 b5 26. h3 Ne5 27. Bg5 Qb8 28. cxb5 axb5 29. Nf4 Re8 30. Nxb5 d5 31. exd5 Rxa2 32. Nc3 Rb2 33. Ne4 Nd7 34. Qh4 Rxb3 35. Nf6+ Nxf6 36. Bxf6 Rxe1+ 37. Rxe1 Rb4 38. d6 Qxd6 39. Re8+ Kh7 40. Bxg7 Rb1+ 41. Kh2 Kxg7 42. Qg3 Kh7 43. Re2 Rf1 44. Nxh5 Qc5 45. Qe5 Qxe5+ 46. Rxe5 Rf2 47. Kg3 Rxg2+ 48. Kh4 gxh5 49. Re7 Rb2 50. Rxf7+ Kg6 51. Rf4 Rc2 52. Rd4 Rc6 53. Kg3 Bc8 54. h4 Be6 0-1

[Event "SUI-chT"]
[Site "Switzerland"]
[Date "2014.06.29"]
[Round "5.2"]
[White "Jenni, Florian"]
[Black "Bellini, Fabio"]
[Result "1/2-1/2"]
[WhiteElo "2512"]
[BlackElo "2495"]
[PlyCount "122"]
[EventDate "2014.03.16"]
[EventType "team-tourn"]
[EventRounds "9"]
[EventCountry "SUI"]
[SourceTitle "EXT 2015"]
[Source "ChessBase"]
[SourceDate "2014.11.20"]
[SourceVersion "1"]
[SourceVersionDate "2014.11.20"]
[SourceQuality "1"]
[WhiteTeam "Winterthur"]
[BlackTeam "Mendrisio"]
[WhiteTeamCountry "SUI"]
[BlackTeamCountry "SUI"]

1. e4 e5 2. Nf3 d6 3. d4 exd4 4. Qxd4 Nf6 5. Nc3 Be7 6. Bf4 Nc6 7. Qd2 0-0 8. 0-0-0 Be6 9. Ng5 Bd7 10. h4 Ne5 11. Be2 c6 12. Bg3 h6 13. f4 Neg4 14. f5 Qb6 15. Nh3 Rad8 16. Rhe1 Bc8 17. Qf4 Qe3+ 18. Rd2 Qxf4 19. Nxf4 d5 20. exd5 Bc5 21. Bxg4 Nxg4 22. Rde2 Bb4 23. dxc6 bxc6 24. Nd3 Bxc3 25. bxc3 Bxf5 26. Nb4 Rc8 27. Re7 a5 28. Nd3 Nf6 29. R7e5 Be6 30. Rxa5 Ra8 31. Rxa8 Rxa8 32. Nc5 Bd5 33. a4 Bxg2 34. c4 Bh3 35. Re7 Bf1 36. Be5 Ra5 37. Bxf6 Rxc5 38. Re8+ Kh7 39. Bd8 Rxc4 40. a5 Bd3 41. Kd2 Be4 42. Bb6 Rxc2+ 43. Kd1 Rc4 44. a6 Bf3+ 45. Ke1 Ra4 46. a7 c5 47. Kf2 Bc6 48. Rc8 Bh1 49. Bxc5 h5 50. Rd8 Kg6 51. Rd1 Ba8 52. Rd8 Be4 53. Rd4 Rxd4 54. Bxd4 f6 55. Kg3 Kf5 56. Bc5 Bd5 57. Bf8 g6 58. Be7 Ba8 59. Bd8 g5 60. Be7 Ke6 61. Bd8 Kf5 1/2-1/2

[Event "SUI-chT"]
[Site "Switzerland"]
[Date "2014.06.15"]
[Round "4.1"]
[White "Pinter, Jozsef"]
[Black "Bellini, Fabio"]
[Result "1/2-1/2"]
[WhiteElo "2549"]
[BlackElo "2451"]
[PlyCount "169"]
[EventDate "2014.03.16"]
[EventType "team-tourn"]
[EventRounds "9"]
[EventCountry "SUI"]
[SourceTitle "EXT 2015"]
[Source "ChessBase"]
[SourceDate "2014.11.20"]
[SourceVersion "1"]
[SourceVersionDate "2014.11.20"]
[SourceQuality "1"]
[WhiteTeam "Neuchatel"]
[BlackTeam "Mendrisio"]
[WhiteTeamCountry "SUI"]
[BlackTeamCountry "SUI"]

1. d4 e6 2. Nf3 Nf6 3. c4 d5 4. Nc3 Nbd7 5. cxd5 exd5 6. Bg5 c6 7. e3 Be7 8. Bd3 0-0 9. Qc2 Re8 10. h3 Nf8 11. 0-0 Ne4 12. Bf4 Ng5 13. Bxg5 Bxg5 14. b4 Re6 15. b5 Rh6 16. Bf5 Be7 17. Rab1 Bd6 18. bxc6 bxc6 19. Rfc1 Bxf5 20. Qxf5 Rf6 21. Qd3 Rxf3 22. gxf3 Qg5+ 23. Kf1 Qh5 24. Ne2 Qxh3+ 25. Ke1 Qxf3 26. Rxc6 Bh2 27. Nc3 Nd7 28. Qe2 Qf5 29. Kd1 Re8 30. Qc2 Qf3+ 31. Kc1 Nb6 32. Rb5 h5 33. Qe2 Qg2 34. e4 Bf4+ 35. Kc2 h4 36. f3 Qg1 37. Rb1 Qxd4 38. Qd1 Qf2+ 39. Qe2 Qd4 40. Qd1 Qe3 41. exd5 Qf2+ 42. Kb3 Rb8 43. Ne4 Qe3+ 44. Kc2 Qa3 45. Nc3 Be5 46. Rb3 Qa5 47. Kb1 Rd8 48. d6 Bxc3 49. Rbxc3 Na4 50. Rb3 h3 51. Qe2 Nb6 52. Rb5 Qa4 53. Rcc5 h2 54. Rh5 Nc4 55. Rb3 Na3+ 56. Kb2 Nc4+ 57. Ka1 Nxd6 58. Qxh2 Qd4+ 59. Rb2 g6 60. Qh4 Qxh4 61. Rxh4 Nf5 62. Ra4 Rd7 63. Rb8+ Kg7 64. Ra8 Rd3 65. f4 Nd6 66. R8xa7 Kf6 67. R7a5 Rd2 68. Kb1 Rf2 69. Rd5 Nf5 70. Rb4 Ne3 71. Rd3 Ng2 72. Rdd4 Ne3 73. a4 Rf1+ 74. Kb2 Rf2+ 75. Kb3 Nc2 76. Rb6+ Kf5 77. Rd7 Ke4 78. Rbd6 Na1+ 79. Kb4 Rb2+ 80. Kc4 Ra2 81. Rd4+ Kf3 82. Kb5 f5 83. a5 Nc2 84. Ra4 Rb2+ 85. Kc5 1/2-1/2

[Event "SUI-chT"]
[Site "Switzerland"]
[Date "2013.10.13"]
[Round "9.1"]
[White "Klauser, Markus"]
[Black "Bellini, Fabio"]
[Result "1-0"]
[WhiteElo "2360"]
[BlackElo "2512"]
[PlyCount "77"]
[EventDate "2013.03.17"]
[EventType "team-tourn"]
[EventRounds "9"]
[EventCountry "SUI"]
[SourceTitle "EXT 2014"]
[Source "ChessBase"]
[SourceDate "2013.11.20"]
[SourceVersion "1"]
[SourceVersionDate "2013.11.20"]
[SourceQuality "1"]
[WhiteTeam "Bern Schwarz Weiss"]
[BlackTeam "Mendrisio"]
[WhiteTeamCountry "SUI"]
[BlackTeamCountry "SUI"]

1. e4 g6 2. d4 Bg7 3. Nc3 a6 4. Nf3 d6 5. Be3 b5 6. Bd3 Bb7 7. a4 b4 8. Ne2 Nf6 9. Ng3 0-0 10. 0-0 Nbd7 11. h3 c5 12. c3 bxc3 13. bxc3 Qc7 14. Qd2 e5 15. d5 c4 16. Be2 a5 17. Rab1 Ba6 18. Bh6 Rfb8 19. Bxg7 Kxg7 20. Qg5 Rxb1 21. Rxb1 Rb8 22. Rf1 Kg8 23. Qh4 Kg7 24. Qg5 Ng8 25. Nf5+ Kf8 26. Nh6 Rb2 27. Bd1 Ngf6 28. Qh4 Ng8 29. Ng5 Nxh6 30. Qxh6+ Ke8 31. Nxh7 Qd8 32. Bg4 Qe7 33. Bxd7+ Kxd7 34. f4 exf4 35. Qxf4 f5 36. Ng5 Bb7 37. Ne6 Qf6 38. Qh6 Kc8 39. Rxf5 1-0

[Event "ITA-ch 72nd"]
[Site "Torino"]
[Date "2012.11.10"]
[Round "11"]
[White "Brunello, Sabino"]
[Black "Bellini, Fabio"]
[Result "1/2-1/2"]
[WhiteElo "2591"]
[BlackElo "2492"]
[PlyCount "159"]
[EventDate "2012.10.30"]
[EventType "tourn"]
[EventRounds "11"]
[EventCountry "ITA"]
[EventCategory "9"]
[SourceTitle "EXT 2013"]
[Source "ChessBase"]
[SourceDate "2012.11.22"]
[SourceVersion "1"]
[SourceVersionDate "2012.11.22"]
[SourceQuality "1"]

1. d4 e6 2. c4 Bb4+ 3. Nc3 f5 4. g4 Nf6 5. gxf5 0-0 6. Nf3 d5 7. Rg1 Kh8 8. Qd3 c5 9. a3 Bxc3+ 10. bxc3 exf5 11. dxc5 Nc6 12. cxd5 Qxd5 13. Qxd5 Nxd5 14. c4 Nf6 15. Rb1 Bd7 16. Bb2 Rab8 17. Bh3 Na5 18. Be5 Rbc8 19. Bd6 Rfe8 20. Ne5 Be6 21. Bxf5 g6 22. Bd3 b6 23. cxb6 axb6 24. f4 Nxc4 25. Nxc4 Bxc4 26. Bxc4 Rxc4 27. Be5 Re6 28. Kf2 Kg8 29. Rbd1 Kf7 30. Kf3 Ke7 31. Rc1 Rec6 32. Rxc4 Rxc4 33. Rb1 Nd7 34. Ba1 Ra4 35. Rb3 Nc5 36. Re3+ Kd7 37. Bf6 Kc6 38. Be7 Kd5 39. Rc3 Ra7 40. Bf6 Rf7 41. Bd8 Ne6 42. e3 g5 43. Bxb6 gxf4 44. e4+ Ke5 45. h4 Rb7 46. Bf2 Rb2 47. Rd3 Ra2 48. Rd5+ Kf6 49. Ra5 Rb2 50. a4 Rb3+ 51. Kg4 Rb2 52. e5+ Kf7 53. Ra7+ Kg8 54. Kf3 Rb3+ 55. Ke4 Rb2 56. Kd5 Rxf2 57. Kxe6 Rg2 58. Rf7 Rg4 59. a5 Rxh4 60. a6 f3 61. Rxf3 Ra4 62. Ke7 h5 63. e6 Kg7 64. Rg3+ Kh6 65. Kf6 h4 66. Rg8 Kh5 67. e7 Rxa6+ 68. Kf5 Ra5+ 69. Ke4 Ra4+ 70. Kd3 Ra3+ 71. Kc2 Ra2+ 72. Kb3 Re2 73. e8Q+ Rxe8 74. Rxe8 h3 75. Kc3 Kg4 76. Kd2 h2 77. Rh8 Kg3 78. Ke2 Kg2 79. Rg8+ Kh1 80. Kf2 1/2-1/2

[Event "ITA-ch 72nd"]
[Site "Torino"]
[Date "2012.11.07"]
[Round "8"]
[White "Bellini, Fabio"]
[Black "Rombaldoni, Denis"]
[Result "0-1"]
[WhiteElo "2492"]
[BlackElo "2511"]
[PlyCount "68"]
[EventDate "2012.10.30"]
[EventType "tourn"]
[EventRounds "11"]
[EventCountry "ITA"]
[EventCategory "9"]
[SourceTitle "EXT 2013"]
[Source "ChessBase"]
[SourceDate "2012.11.22"]
[SourceVersion "1"]
[SourceVersionDate "2012.11.22"]
[SourceQuality "1"]

1. e4 d6 2. d4 Nf6 3. Nc3 e5 4. dxe5 dxe5 5. Qxd8+ Kxd8 6. Bc4 Ke8 7. Nf3 Bd6 8. Bg5 Nbd7 9. 0-0-0 a6 10. Rhe1 h6 11. Bd2 b5 12. Bf1 Bb7 13. a4 Nc5 14. axb5 axb5 15. Kb1 Nfxe4 16. Nxe4 Bxe4 17. b4 Bxf3 18. gxf3 Ne6 19. f4 exf4 20. Bc3 Ke7 21. Bxg7 Bxb4 22. Re4 Rhg8 23. Rxb4 Rxg7 24. Rxb5 Rg5 25. Rb4 Rg1 26. Be2 Rxd1+ 27. Bxd1 Rg8 28. Rb3 Rg2 29. Rh3 Ng5 30. Rxh6 Rg1 31. Kc1 Ne4 32. Rh5 Nxf2 33. Re5+ Kf6 34. Rd5 f3 0-1

[Event "ITA-ch 72nd"]
[Site "Torino"]
[Date "2012.10.30"]
[Round "1"]
[White "Bellini, Fabio"]
[Black "Dvirnyy, Danyyil"]
[Result "1/2-1/2"]
[WhiteElo "2492"]
[BlackElo "2522"]
[PlyCount "82"]
[EventDate "2012.10.30"]
[EventType "tourn"]
[EventRounds "11"]
[EventCountry "ITA"]
[EventCategory "9"]
[SourceTitle "EXT 2013"]
[Source "ChessBase"]
[SourceDate "2012.11.22"]
[SourceVersion "1"]
[SourceVersionDate "2012.11.22"]
[SourceQuality "1"]

1. e4 e6 2. d4 d5 3. Nc3 Bb4 4. exd5 exd5 5. Bd3 c6 6. Nge2 Ne7 7. 0-0 Bf5 8. Ng3 Bxd3 9. Qxd3 0-0 10. Bg5 Qd7 11. Rae1 Na6 12. a3 Bd6 13. Nh5 f6 14. Bf4 Bxf4 15. Nxf4 Nc7 16. Re2 Rae8 17. Rfe1 Nc8 18. Nb1 Nd6 19. Nd2 Rxe2 20. Rxe2 Re8 21. f3 Rxe2 22. Qxe2 Qf5 23. Nd3 Kf7 24. Nf1 Ne6 25. c3 h5 26. Ne3 Qg6 27. g3 h4 28. Ng4 Qf5 29. Kg2 Qh7 30. Ngf2 hxg3 31. hxg3 Nf5 32. Nh3 Nd6 33. Ndf4 Nxf4+ 34. Nxf4 Qf5 35. Nd3 Qe6 36. Qxe6+ Kxe6 37. Nc5+ Ke7 38. a4 b6 39. Nd3 Nc4 40. Kf2 Kd6 41. Ke2 Na5 1/2-1/2

[Event "EU-Cup 28th"]
[Site "Eilat"]
[Date "2012.10.14"]
[Round "4.3"]
[White "Harestad, Hans Krogh"]
[Black "Bellini, Fabio"]
[Result "1/2-1/2"]
[WhiteElo "2265"]
[BlackElo "2492"]
[PlyCount "91"]
[EventDate "2012.10.11"]
[EventType "team-swiss"]
[EventRounds "7"]
[EventCountry "ISR"]
[SourceTitle "CBM 151"]
[Source "ChessBase"]
[SourceDate "2012.11.13"]
[SourceVersion "1"]
[SourceVersionDate "2012.11.13"]
[SourceQuality "1"]
[WhiteTeam "SOSS"]
[BlackTeam "Risarcimento Obiettivo"]
[WhiteTeamCountry "NOR"]
[BlackTeamCountry "ITA"]

1. d4 e6 2. c4 b6 3. Nc3 Bb7 4. e4 Bb4 5. f3 Ne7 6. Bd3 0-0 7. Nge2 d5 8. cxd5 exd5 9. a3 dxe4 10. fxe4 Bxc3+ 11. bxc3 c5 12. 0-0 Nbc6 13. Be3 cxd4 14. cxd4 Qd7 15. Qa4 a6 16. Rac1 b5 17. Qb3 Rac8 18. Rc5 Na5 19. Qc3 Rxc5 20. Qxc5 f5 21. exf5 Nd5 22. Bf4 Nc4 23. Bxc4 bxc4 24. Qxc4 Qxf5 25. Ng3 Qg6 26. Be5 Rxf1+ 27. Nxf1 h6 28. Qb3 Bc6 29. Ng3 Qg5 30. Qf3 Qe3+ 31. Qxe3 Nxe3 32. Nh5 g6 33. Nf4 g5 34. Nd3 Nxg2 35. Nb4 Bb7 36. Nxa6 Bxa6 37. Kxg2 Kf7 38. a4 Ke6 39. a5 Kf5 40. Bg7 h5 41. Kf2 h4 42. d5 Bc4 43. d6 Ke6 44. Bf8 g4 45. Be7 Ba6 46. Bxh4 1/2-1/2

[Event "EU-Cup 28th"]
[Site "Eilat"]
[Date "2012.10.13"]
[Round "3.4"]
[White "Liss, Eran"]
[Black "Bellini, Fabio"]
[Result "0-1"]
[WhiteElo "2464"]
[BlackElo "2492"]
[PlyCount "84"]
[EventDate "2012.10.11"]
[EventType "team-swiss"]
[EventRounds "7"]
[EventCountry "ISR"]
[SourceTitle "CBM 151"]
[Source "ChessBase"]
[SourceDate "2012.11.13"]
[SourceVersion "1"]
[SourceVersionDate "2012.11.13"]
[SourceQuality "1"]
[WhiteTeam "Rishon Le Zion"]
[BlackTeam "Risarcimento Obiettivo"]
[WhiteTeamCountry "ISR"]
[BlackTeamCountry "ITA"]

1. e4 e6 2. d4 d5 3. Nd2 c5 4. dxc5 Bxc5 5. Bd3 Nc6 6. Ngf3 Nf6 7. Qe2 a6 8. 0-0 Nb4 9. e5 Ng8 10. Nb3 Bb6 11. Be3 Ne7 12. Nfd4 Bd7 13. f4 Nxd3 14. cxd3 0-0 15. Rf3 Ba4 16. Nd2 Rc8 17. Qf2 Bxd4 18. Bxd4 Rc2 19. b3 Bd7 20. Qe1 Nf5 21. Bf2 Qa5 22. Nf1 Qxe1 23. Bxe1 Rfc8 24. Rf2 Rc1 25. Rxc1 Rxc1 26. Bd2 Rd1 27. g4 Nh4 28. a4 d4 29. Re2 Rb1 30. b4 Bxa4 31. Kf2 Bd1 32. Re4 Bxg4 33. Rxd4 h5 34. Ng3 Nf3 35. Rd8+ Kh7 36. Bc3 Nxh2 37. d4 h4 38. Ne4 Nf3 39. Rd7 Kg6 40. f5+ Bxf5 41. Kxf3 Bxe4+ 42. Kg4 Bf5+ 0-1

[Event "EU-Cup 28th"]
[Site "Eilat"]
[Date "2012.10.12"]
[Round "2.4"]
[White "Bellini, Fabio"]
[Black "Kytoniemi, Jyrki"]
[Result "0-1"]
[WhiteElo "2492"]
[BlackElo "2283"]
[PlyCount "140"]
[EventDate "2012.10.11"]
[EventType "team-swiss"]
[EventRounds "7"]
[EventCountry "ISR"]
[SourceTitle "CBM 151"]
[Source "ChessBase"]
[SourceDate "2012.11.13"]
[SourceVersion "1"]
[SourceVersionDate "2012.11.13"]
[SourceQuality "1"]
[WhiteTeam "Risarcimento Obiettivo"]
[BlackTeam "Tammer Shakki"]
[WhiteTeamCountry "ITA"]
[BlackTeamCountry "FIN"]

1. e4 e6 2. d3 d5 3. Qe2 Be7 4. Nf3 Nf6 5. g3 b6 6. e5 Nfd7 7. Bg2 Bb7 8. 0-0 c5 9. c4 d4 10. Na3 a6 11. h4 h6 12. Nc2 Nc6 13. a3 Na5 14. Nd2 Bxg2 15. Kxg2 Qc7 16. f4 g5 17. b4 Nc6 18. b5 axb5 19. cxb5 Na5 20. hxg5 Qb7+ 21. Ne4 hxg5 22. Bd2 Nb3 23. Qf3 Qd5 24. Rad1 Nxd2 25. Rxd2 gxf4 26. gxf4 f5 27. exf6 Nxf6 28. Ng5 Kd7 29. Kg1 Rag8 30. Rg2 Qxf3 31. Rxf3 Nd5 32. Nf7 Rxg2+ 33. Kxg2 Rg8+ 34. Kh2 Bd6 35. Nxd6 Kxd6 36. a4 Ra8 37. f5 exf5 38. Rxf5 Rxa4 39. Ne1 Ra2+ 40. Kg3 Ra3 41. Kf3 Ra1 42. Kf2 Rb1 43. Nf3 Rxb5 44. Ng5 Rb2+ 45. Kf3 Rb3 46. Ke4 Nc3+ 47. Kf4 Ne2+ 48. Kf3 Nc3 49. Rf6+ Kc7 50. Rh6 Rb1 51. Kf4 Rf1+ 52. Ke5 Re1+ 53. Kf5 Kb7 54. Ne6 Nd5 55. Nd8+ Ka6 56. Ne6 Kb5 57. Rh8 Re3 58. Rd8 Nb4 59. Nc7+ Kc6 60. Ne8 Rxd3 61. Rd6+ Kb7 62. Rd7+ Kc6 63. Rd6+ Kb5 64. Nc7+ Kc4 65. Ke6 Rh3 66. Kd7 Rh7+ 67. Kc8 d3 68. Ne6 Nd5 69. Ng5 Rh8+ 70. Kb7 d2 0-1

[Event "Badalona op-A 38th"]
[Site "Badalona"]
[Date "2012.08.02"]
[Round "2"]
[White "Bellini, Fabio"]
[Black "Ynojosa Aponte, Felix Jose"]
[Result "0-1"]
[WhiteElo "2504"]
[BlackElo "2374"]
[PlyCount "110"]
[EventDate "2012.08.01"]
[EventType "swiss"]
[EventRounds "9"]
[EventCountry "ESP"]
[SourceTitle "CBM 149 Extra"]
[Source "ChessBase"]
[SourceDate "2012.08.24"]
[SourceVersion "1"]
[SourceVersionDate "2012.08.24"]
[SourceQuality "1"]

1. e4 c5 2. Nf3 Nc6 3. Bb5 e6 4. Bxc6 bxc6 5. d3 d5 6. c4 Nf6 7. Nc3 Be7 8. 0-0 0-0 9. Bg5 h6 10. Bxf6 Bxf6 11. e5 Be7 12. Qe2 Bd7 13. Na4 Kh7 14. Qc2 d4 15. Nd2 f6 16. Ne4 Qa5 17. exf6 gxf6 18. Rae1 Rae8 19. f4 e5 20. fxe5 f5 21. e6 Bxe6 22. Nexc5 Bc8 23. Ne6 Rg8 24. c5 Bh4 25. b4 Qxb4 26. Rb1 Qxb1 27. Qxb1 Rxe6 28. Qb8 Reg6 29. g3 Be6 30. Qe5 Bg5 31. Rxf5 Bxf5 32. Qxf5 Bc1 33. Kg2 R8g7 34. Qc8 Rf7 35. Nb6 axb6 36. cxb6 Bf4 37. a4 h5 38. Kh3 Bd6 39. Qxc6 h4 40. Qd5 Rfg7 41. g4 Re7 42. g5 Re5 43. Qf7+ Rg7 44. Qf6 Rg6 45. Qf7+ Rg7 46. Qh5+ Kg8 47. Qh6 Re3+ 48. Kg4 Bxh2 49. Qc6 Rg3+ 50. Kh5 R3xg5+ 51. Kxh4 Bg3+ 52. Kh3 Be5 53. Qe8+ Kh7 54. Kh4 Rg4+ 55. Kh3 Rg3+ 0-1

[Event "Badalona op-A 38th"]
[Site "Badalona"]
[Date "2012.08.01"]
[Round "1"]
[White "Franco Valencia, Beatriz Irene"]
[Black "Bellini, Fabio"]
[Result "0-1"]
[WhiteElo "2253"]
[BlackElo "2504"]
[PlyCount "96"]
[EventDate "2012.08.01"]
[EventType "swiss"]
[EventRounds "9"]
[EventCountry "ESP"]
[SourceTitle "CBM 149 Extra"]
[Source "ChessBase"]
[SourceDate "2012.08.24"]
[SourceVersion "1"]
[SourceVersionDate "2012.08.24"]
[SourceQuality "1"]

1. d4 g6 2. c4 Bg7 3. Nc3 d6 4. Nf3 Bg4 5. e3 c5 6. dxc5 Bxc3+ 7. bxc3 dxc5 8. Qxd8+ Kxd8 9. Ne5 Be6 10. Ba3 Na6 11. 0-0-0+ Kc8 12. Nd3 b6 13. Be2 Nf6 14. Bf3 Rb8 15. Ne5 Kc7 16. Bd5 Ng4 17. Nd3 Bf5 18. h3 Bxd3 19. hxg4 Be2 20. Rd2 Bxg4 21. Bxf7 Rbf8 22. Bd5 Rd8 23. Be4 Rxd2 24. Kxd2 Be6 25. Bd5 Kd6 26. e4 Bd7 27. Bf7 Be6 28. Bxg6 Rf8 29. Bf5 Bxf5 30. exf5 Rxf5 31. Ke3 Rf7 32. Rd1+ Kc7 33. Rh1 Nb8 34. f3 Nc6 35. Ke4 e6 36. Bc1 Kd7 37. Bg5 Rg7 38. f4 Na5 39. Ke5 Nxc4+ 40. Kf6 Rg6+ 41. Kf7 Nd6+ 42. Kf8 h6 43. Be7 Nf5 44. Rd1+ Kc6 45. Rd2 Rg4 46. Re2 Rxf4 47. Rxe6+ Kd7 48. Rf6 Nxe7 0-1